000 01489nam a2200301 a 4500
001 001093826
003 AM-YeHGA
005 20250618074424.0
008 150311s2015 ai |||||||||||||||||arm d
020 _a9789993068440
040 _aAM-YeHGA
041 0 _aarm
245 0 0 _aՄագիստրանտների հոգեբանական հատկությունների նկարագիր /
_cՌ.Վ. Աղուզումցյան, Լ.Հ. Պետրոսյան, Ա.Ռ. Խաչատրյան, Ն.Ա. Զեյնալյան ; ՀՀ պետ. կառավարման ակադեմիա .
260 _aԵրևան :
_bՀՀ պետ. կառավարման ակադեմիա,
_c2015.
300 _a132 էջ :
_bնկ., աղ.
650 1 4 _aՄագիստրանտների հոգեբանական առանձնահատկությունները
650 1 4 _aՇարունակական կրթություն
650 1 4 _aԿրթության կառավարում
650 1 4 _aԿրթական հոգեբանություն
650 1 4 _aՀոգեբանություն
_xԿրթության բնագավառ
650 1 4 _aԿրթության կազմակերպում
700 1 _aԱղուզումցյան, Ռուբեն Վազգենի,
_d1945-
_92120
700 1 _aՊետրոսյան, Լաուրա Համբարձումի
700 1 _aԽաչատրյան, Ա.Ռ.
700 1 _aԶեյնալյան, Ն.Ա.
710 2 _aՀայաստանի Հանրապետության պետական կառավարման ակադեմիա
090 _c354730
999 _c352914
_d352914